<?xml version="1.0" encoding="UTF-8"?>
<marc:record xmlns:marc="http://www.loc.gov/MARC21/slim">
   <marc:leader>00000nam a2200000 a 4500</marc:leader>
   <marc:datafield ind1="0" ind2="0" tag="245">
      <marc:subfield code="a">Findet Memo</marc:subfield>
   </marc:datafield>
   <marc:datafield ind1="0" ind2="0" tag="245">
      <marc:subfield code="b">Gegensätze ziehen sich an</marc:subfield>
   </marc:datafield>
   <marc:datafield ind1="1" ind2=" " tag="520">
      <marc:subfield code="a">ab 6 Jahren, 2-6 Spieler, Spieldauer: ca 15 min. &#xD;
Bereit für eine tierisch gute Gedächtnisreise? In diesem coolen Memospiel ist Paarungszeit. Helft Lama, Antilope, Gorilla und Co. ihre bisher unentdeckten Partner zu finden und erfreut euch an affengeilen Illustrationen gepard mit geniaalem Wortwitz. Lachsgarantie inklusive! Mit "Findet Memo" treten wir den Beweis an: Gegensätze ziehen sich an! Inhalt: 52 Kärtchen, Spielanleitung und viel Hummer :-)</marc:subfield>
   </marc:datafield>
   <marc:datafield ind1=" " ind2=" " tag="020">
      <marc:subfield code="a">9783934657991</marc:subfield>
      <marc:subfield code="9">9783934657991</marc:subfield>
   </marc:datafield>
   <marc:datafield ind1=" " ind2=" " tag="020">
      <marc:subfield code="a">3934657990</marc:subfield>
      <marc:subfield code="9">3934657990</marc:subfield>
   </marc:datafield>
</marc:record>
